Liverpool Merseyrail with SVG Map - Statistics

General Stats
  • This quiz has been taken 122 times
  • The average score is 22 of 69
Answers on the Map
Answers color-coded by a green-red scale on the quiz's map according to % correct below.
 
Answer Stats
Answer % Correct
Liverpool Lime Street
76%
Chester
71%
Liverpool Central
65%
Southport
59%
Birkenhead Central
47%
Ellesmere Port
47%
New Brighton
47%
Formby
41%
Kirkby
41%
Leasowe
41%
Ormskirk
41%
Port Sunlight
41%
Waterloo
41%
West Kirby
41%
Birkdale
35%
Birkenhead North
35%
Birkenhead Park
35%
Bootle Oriel Road
35%
Bromborough
35%
Conway Park
35%
Hamilton Square
35%
Hoylake
35%
Liverpool James Street
35%
Liverpool South Parkway
35%
Moorfields
35%
Moreton
35%
Seaforth & Litherland
35%
Aigburth
29%
Ainsdale
29%
Aintree
29%
Bache
29%
Bebington
29%
Bidston
29%
Blundellsands & Crosby
29%
Bootle New Strand
29%
Capenhurst
29%
Cressington
29%
Fazakerley
29%
Headbolt Lane
29%
Maghull
29%
Old Roan
29%
Rice Lane
29%
Rock Ferry
29%
Sandhills
29%
St Michaels
29%
Wallasey Grove Road
29%
Wallasey Village
29%
Bank Hall
24%
Bromborough Rake
24%
Brunswick
24%
Freshfield
24%
Green Lane
24%
Hall Road
24%
Hightown
24%
Hooton
24%
Hunts Cross
24%
Kirkdale
24%
Little Sutton
24%
Maghull North
24%
Manor Road
24%
Meols
24%
Orrell Park
24%
Overpool
24%
Walton
24%
Aughton Park
18%
Eastham Rake
18%
Hillside
18%
Spital
18%
Town Green
18%
No matching quizzes found
Score Distribution
Percent of People with Each Score
Percentile by Number Answered
Your Score History
You have not taken this quiz